000 00514nam a2200169Ia 4500
008 090201s9999 xx 000 0 und d
010 _aKPL-58474
040 _bमराठी
041 _aमराठी
082 _a6229
_b58474
100 _aसुधा नरवणे
245 _aलामणदिवा
_cसुधा नरवणे
260 _c2004
_bचंद्रमौळी प्रकाशन
300 _a176
_bमोठा
600 _aलामणदिवा
942 _cBOOK
999 _c207062
_d207062